00537 2200205 4500001002100000005001500021035002000036245003000056100001200086250001700098300002800115260003900143082000800182084001400190020002200204650001400226500003400240008004100274990001600315INLIS00000000000056620240822085605 a0010-08240000841 aBencana Banjir /cM. Naza0 aM. Naza acetakan ke-1 a68 hlm :bIlus ;c21 cm aBandung :bAzka Mulia Media,c2006 a813 a813 M. b a978-979-15405-5-1 4aPengayaan aSeri Pengetahuan Bencana Alam240822 0  a00000002795